[Event "SE-2011-0-00068"]
[Site "LSS email"]
[Date "2011.03.14"]
[Round "?"]
[White "Buongiorne, Patrick"]
[Black "Laureles, Raymundo"]
[Result "0-1"]
[WhiteElo "1298"]
[BlackElo "1288"]
[PlyCount "66"]
[EventDate "2011.01.31"]
[EventType "tourn (corr)"]
[EventRounds "6"]
[EventCountry "GER"]
[SourceTitle "Telechess CBM 147"]
[Source "ChessBase"]
[SourceDate "2012.03.16"]
[SourceVersion "1"]
[SourceVersionDate "2012.03.16"]
[SourceQuality "1"]

1. d4 Nf6 2. c4 e5 3. e3 exd4 4. exd4 Bb4+ 5. Bd2 Qe7+ 6. Ne2 0-0 7. Bxb4 Qxb4+ 8. Qd2 Qxc4 9. Nf4 Qc6 10. Be2 Ne4 11. Qe3 d5 12. 0-0 Re8 13. Rc1 Qd6 14. Nc3 Bd7 15. Bf3 Nxc3 16. Qxc3 Qxf4 17. Qb3 Bc6 18. Rd1 Nd7 19. g3 Qd6 20. a3 a5 21. Bh5 Nf6 22. Bf3 Ne4 23. Bxe4 Rxe4 24. Qf3 Rae8 25. Rd3 Re2 26. Qf4 Qxf4 27. gxf4 Rxb2 28. Rf3 Rd2 29. Rb1 Rxd4 30. Rbb3 f5 31. Rh3 Rxf4 32. Rbg3 d4 33. Rg5 Re1# 0-1

[Event "SE-2011-0-00068"]
[Site "LSS email"]
[Date "2011.03.14"]
[Round "?"]
[White "Evans, Stanley W"]
[Black "Buongiorne, Patrick"]
[Result "1-0"]
[WhiteElo "1115"]
[BlackElo "1298"]
[PlyCount "45"]
[EventDate "2011.01.31"]
[EventType "tourn (corr)"]
[EventRounds "6"]
[EventCountry "GER"]
[SourceTitle "Corr 2013"]
[Source "ChessBase"]
[SourceDate "2012.11.12"]
[SourceVersion "1"]
[SourceVersionDate "2012.11.12"]
[SourceQuality "1"]

1. e4 b6 2. d4 Bb7 3. Bd3 Nc6 4. c3 e6 5. Nf3 Qe7 6. a4 0-0-0 7. Qe2 g6 8. b4 e5 9. d5 Nb8 10. a5 Nf6 11. axb6 axb6 12. b5 Nh5 13. g3 f5 14. Bg5 Nf6 15. exf5 Bxd5 16. Nbd2 Qc5 17. Bxf6 Qxc3 18. Bxe5 Qb4 19. Bxh8 Bc5 20. 0-0 Rxh8 21. fxg6 hxg6 22. Ra7 Rh7 23. Qe8# 1-0

[Event "SE-2011-0-00068"]
[Site "LSS email"]
[Date "2011.03.11"]
[Round "?"]
[White "Koziol, Pawel"]
[Black "Buongiorne, Patrick"]
[Result "1-0"]
[WhiteElo "1459"]
[BlackElo "1298"]
[PlyCount "35"]
[EventDate "2011.01.31"]
[EventType "tourn (corr)"]
[EventRounds "6"]
[EventCountry "GER"]
[SourceTitle "Telechess CBM 147"]
[Source "ChessBase"]
[SourceDate "2012.03.16"]
[SourceVersion "1"]
[SourceVersionDate "2012.03.16"]
[SourceQuality "1"]

1. e4 b6 2. d4 Bb7 3. Nd2 d5 4. e5 e6 5. Bd3 Nc6 6. c3 Qd7 7. Ngf3 0-0-0 8. b4 Nge7 9. Nb3 g6 10. a4 Nf5 11. a5 bxa5 12. b5 a4 13. Rxa4 Nce7 14. Nc5 Qe8 15. Rxa7 Kb8 16. Rxb7+ Kc8 17. Qa4 c6 18. Qa8# 1-0